000 00313nam a2200133Ia 4500
005 20251222144919.0
008 251222s9999||||xx |||||||||||||| ||spa||
020 _a84-7151-705-1
082 _a264.1/I54
100 _aIniesta, Alberto
245 0 _aVivir en la Trinidad:
264 _bVerbo Divino
942 _cLIB
999 _c22639
_d22639